[Event "TUR-chT Clubs"]
[Site "Konya"]
[Date "2019.07.17"]
[Round "2.7"]
[White "Sen, Nehir"]
[Black "Yignak, Havva Deniz"]
[Result "1/2-1/2"]
[WhiteElo "1307"]
[BlackElo "1219"]
[PlyCount "95"]
[EventDate "2019.07.16"]
[EventType "team-swiss"]
[EventRounds "9"]
[EventCountry "TUR"]
[SourceTitle "CBM 191 Extra"]
[Source "ChessBase"]
[SourceDate "2019.09.30"]
[SourceVersion "1"]
[SourceVersionDate "2019.09.30"]
[SourceQuality "1"]
[WhiteTeam "Deniz Genclik"]
[BlackTeam "Gambit Dernegi"]
[WhiteTeamCountry "TUR"]
[BlackTeamCountry "TUR"]

1. d4 d5 2. Bf4 e6 3. e3 a6 4. a4 Nf6 5. c3 c5 6. Nd2 Nbd7 7. Ngf3 Be7 8. Bd3 0-0 9. h3 c4 10. Be2 Qb6 11. Qc2 Bd6 12. Bxd6 Qxd6 13. 0-0 Rb8 14. e4 Qe7 15. Rfe1 b5 16. axb5 axb5 17. exd5 Nxd5 18. Bf1 Bb7 19. Ne4 Rfc8 20. Ng3 g6 21. Qd2 b4 22. Ne2 bxc3 23. bxc3 N7f6 24. Nf4 Qd6 25. Ne5 Ba6 26. Reb1 Rxb1 27. Rxb1 Ne4 28. Qc1 Ndxc3 29. Rb2 Qxd4 30. Nf3 Qf6 31. Ne2 Nd5 32. Ng3 Nxg3 33. fxg3 Rc6 34. Ra2 Nb4 35. Rb2 Rb6 36. Rf2 Nd3 37. Bxd3 cxd3 38. Qe3 Rb1+ 39. Kh2 Qa1 40. g4 Rb2 41. Qd4 Rb1 42. Qf4 Rf1 43. Rxf1 Qxf1 44. Qb8+ Kg7 45. Qe5+ Kg8 46. Qb8+ Kg7 47. Qe5+ Kg8 48. Qb8+ 1/2-1/2

[Event "TUR-chT Clubs"]
[Site "Konya"]
[Date "2019.07.17"]
[Round "3.16"]
[White "Yignak, Havva Deniz"]
[Black "Kartal, Ilkay"]
[Result "0-1"]
[WhiteElo "1219"]
[BlackElo "1043"]
[PlyCount "54"]
[EventDate "2019.07.16"]
[EventType "team-swiss"]
[EventRounds "9"]
[EventCountry "TUR"]
[SourceTitle "CBM 191 Extra"]
[Source "ChessBase"]
[SourceDate "2019.09.30"]
[SourceVersion "1"]
[SourceVersionDate "2019.09.30"]
[SourceQuality "1"]
[WhiteTeam "Gambit Dernegi"]
[BlackTeam "Kadirli Savrun"]
[WhiteTeamCountry "TUR"]
[BlackTeamCountry "TUR"]

1. d4 d5 2. c4 Bf5 3. Nc3 c6 4. cxd5 cxd5 5. Qb3 Nc6 6. Nf3 e5 7. Qxb7 Nb4 8. Nxe5 Nc2+ 9. Kd1 Be7 10. Nxd5 Rc8 11. Qb5+ Kf8 12. g4 Be6 13. Nf4 Qxd4+ 14. Bd2 Rd8 15. Nxe6+ fxe6 16. Kxc2 Qxd2+ 17. Kb3 Bd6 18. Nc6 Rc8 19. Bg2 Ne7 20. Rad1 Qf4 21. e3 Qxg4 22. Rxd6 Qxg2 23. Rhd1 Nxc6 24. Qb7 Na5+ 25. Ka4 Nxb7 26. R6d4 Qc6+ 27. Kb3 Na5+ 0-1

[Event "TUR-chT2"]
[Site "Konya"]
[Date "2018.07.12"]
[Round "5.15"]
[White "Gorgulu, Aleyna Ipek"]
[Black "Yignak, Havva Deniz"]
[Result "1-0"]
[WhiteElo "1184"]
[BlackElo "1219"]
[PlyCount "59"]
[EventDate "2018.07.10"]
[EventType "team-swiss"]
[EventRounds "9"]
[EventCountry "TUR"]
[SourceTitle "EXT 2019"]
[Source "ChessBase"]
[SourceDate "2018.10.10"]
[SourceVersion "1"]
[SourceVersionDate "2018.10.10"]
[SourceQuality "1"]
[WhiteTeam "Elazig Genclik"]
[BlackTeam "Kanya Gambit"]
[WhiteTeamCountry "TUR"]
[BlackTeamCountry "TUR"]

1. e4 e6 2. d4 d5 3. exd5 exd5 4. Nc3 Nf6 5. Bg5 Be7 6. Nf3 0-0 7. Bxf6 Bxf6 8. Be2 Bg4 9. 0-0 Nc6 10. h3 Bh5 11. g4 Bg6 12. Rc1 Re8 13. Nb1 Be4 14. c3 Na5 15. Nbd2 b6 16. b4 Nb7 17. Nb3 a5 18. a3 axb4 19. axb4 Ra2 20. Re1 Qa8 21. Bd3 Nd6 22. Nh2 Bh4 23. Bc2 Bg5 24. Nd2 Bxc2 25. Rxe8+ Qxe8 26. Rxc2 Rxc2 27. Qxc2 Qe1+ 28. Ndf1 Ne4 29. Nf3 Qa1 30. Ne5 1-0